| 000 | 01385nam0a2200349 i 4500 | ||
|---|---|---|---|
| 001 | RU\NLR\BIBL_A\010824302 | ||
| 005 | 20260406152125.0 | ||
| 010 |
_a9785170904549 _94000 |
||
| 021 |
_aRU _b2015-53217 _93143 |
||
| 035 | _a(NILC)RuMoRGB-007981783 | ||
| 035 | _a(NLR Aleph) 010824302 | ||
| 090 |
_a10256678 _c10256678 |
||
| 100 | _a20150820d2015 bm y0rusy50 ca | ||
| 101 | 0 | _arus | |
| 102 | _aRU | ||
| 105 | _aac||z|||000gy | ||
| 200 | 1 |
_aЧто такое хорошо и что такое плохо? _e[сборник стихотворений _eдля дошкольного возраста] _fВ. Маяковский _gрис. Ю. Коровина |
|
| 210 |
_aМосква _cМалыш _cАСТ _d2015 |
||
| 215 |
_a46, [2] с. _cцв. ил., портр. _d22 |
||
| 225 | 1 | _aБиблиотека детского сада | |
| 333 | _a0+ | ||
| 686 | 0 | _aШ9(2)60=Р7-5 | |
| 700 | 1 |
_8rus _7ca _aМаяковский _bВ. В. _f1893-1930 _gВладимир Владимирович _3RU\NLR\AUTH\775761 _9115720 |
|
| 702 | 1 |
_4440 _aКоровин _bЮ.Д. _f1914-1991 _gЮвеналий Дмитриевич _3RU\NLR\AUTH\77125538 _9108463 |
|
| 801 | 0 |
_aRU _bРГБ _c20150722 _gRCR |
|
| 801 | 2 |
_aRU _bРГБ _c20150728 _grcr |
|
| 801 | 1 |
_aRU _bРГБ _c20150722 _2rusmarc |
|
| 942 | _cBOOK | ||
| 980 | _aNBR | ||